[Event "EYCC Open U18 2018"]
[Site "Riga"]
[Date "2018.08.27"]
[Round "7"]
[White "Garanin, Aleksei"]
[Black "Mirzoyan, Davit T."]
[Result "0-1"]
[WhiteElo "2203"]
[BlackElo "2364"]
[Annotator "TA"]
[PlyCount "24"]
[EventDate "2018.08.20"]
[EventType "swiss"]
[EventCountry "LAT"]
[SourceTitle "playchess.com"]
[Source "ChessBase"]
[SourceQuality "1"]

{[%evp 11,24,-99,-94,-168,-165,-309,-318,-284,-122,-143,-137,-147,-102,-394,-375]} 1. d4 Nf6 2. c4 e6 {[%cal Be7e6,Be6e5][%mdl 32]} 3. Nf3 d5 {[%cal Bd7d5,Bd5d4][%mdl 32]} 4. Nc3 c5 5. g3 (5. cxd5 cxd4 6. Nxd4 Nxd5 7. Bd2 Be7 8. e4 Nxc3 9. Bxc3 O-O 10. Be2 Qb6 11. Qb3 Qxb3 12. Nxb3 Rd8 13. f3 b6 14. Rd1 Rxd1+ 15. Kxd1 Ba6 {½-½ (48) Mamedyarov,S (2808)-So,W (2778) Paris 2018}) 5... cxd4 6. Nxd4 {D40: Queen's Gambit Declined: Semi-Tarrasch with 5 e3} e5 $1 {[%cal Re5d4] LiveBook: 6 Games} 7. Ndb5 (7. Nf3 $17 d4 8. Nxe5) 7... d4 $1 $19 {Strongly threatening ...a6.} 8. Qa4 (8. Nb1 $142) 8... Bd7 $1 ({Weaker is} 8... Nc6 9. Nd5 $1 $11 {[%mdl 512]}) 9. Bg2 $146 {[#]} ({Predecessor:} 9. Nd5 Nxd5 10. cxd5 a6 11. e3 Qb6 12. exd4 Bxb5 13. Bxb5+ Qxb5 14. Qxb5+ axb5 15. dxe5 {0-1 (35) Beil,Z-Neukirch,D Leipzig 1972}) 9... Na6 ({Less strong is} 9... dxc3 10. Bxb7 Bxb5 11. cxb5 $17) (9... a6 $1 $19 {has better winning chances.} 10. Ne4 Nxe4 11. Bxe4 {[#]} Ra7 $1 {[%mdl 512]}) 10. Nd5 $17 Nxd5 11. Bxd5 Nc5 12. Qd1 $2 {[%mdl 8192]} (12. Qa3 $17 {was the only defense.}) 12... Bxb5 $1 0-1

[Event "EYCC Open U18 2018"]
[Site "Riga"]
[Date "2018.08.28"]
[Round "8"]
[White "Gaifullin, Artur"]
[Black "Mesaros, Florian"]
[Result "1-0"]
[WhiteElo "2461"]
[BlackElo "2422"]
[Annotator "TA"]
[PlyCount "79"]
[EventDate "2018.08.20"]
[EventType "swiss"]
[EventCountry "LAT"]
[SourceTitle "playchess.com"]
[Source "ChessBase"]
[SourceQuality "1"]

{[%evp 13,79,-8,60,-32,-9,-150,35,33,16,24,145,136,159,149,154,155,167,146,147,138,170,177,171,181,215,196,200,207,206,196,195,99,110,0,200,206,247,229,239,198,202,204,207,193,209,215,259,257,581,581,574,575,645,638,1104,1100,1054,1013,964,979,1156,1137,1099,911,839,814,1035,721]} 1. Nf3 d5 2. c4 e6 3. e3 Nf6 4. b3 Bd6 5. Bb2 O-O 6. Qc2 {A13: English Opening: 1...e6} (6. Nc3 c5 7. cxd5 exd5 8. d4 Nc6 9. Be2 cxd4 10. Nxd4 Nxd4 11. Qxd4 Re8 12. Rd1 Be5 13. Qd2 Bf5 {½-½ (24) Aronian,L (2764)-So,W (2778) Paris 2018}) 6... b6 7. Nc3 a6 {LiveBook: 3 Games} (7... c5 $11) 8. g4 $146 (8. Ng5 $1 $14) ({Predecessor:} 8. Ng5 g6 9. h4 h6 10. Nf3 Nc6 11. cxd5 Nb4 12. Qc1 Nbxd5 13. Nxd5 exd5 {½-½ (71) Nigmatov,O (2461)-Magalashvili,D (2508) Batumi 2018}) 8... Bb7 $15 9. g5 {[#]} (9. cxd5 $11 exd5 10. Rg1) 9... Ne4 $2 ({Black should play} 9... d4 $1 $17 {[%cal Rd4c3][%mdl 512]} 10. gxf6 (10. exd4 Bxf3) 10... dxc3 11. fxg7 Re8 12. Bxc3 Bxf3) 10. Rg1 {And now Nxe4 would win.} (10. Nxe4 dxe4 11. Qc3 f6 $17) 10... Nd7 11. cxd5 ({Of course not} 11. Nxe4 dxe4 12. Qc3 e5 $17) 11... exd5 (11... Nxc3 $1 $11 12. Qxc3 e5) 12. Nxe4 $1 $16 dxe4 13. Qc3 {[%csl Gb2][%cal Rc3g7]} f6 14. gxf6 Rxf6 15. Bc4+ $1 Kh8 {[#]} 16. Qxf6 $3 {[%mdl 512]} Nxf6 17. Ng5 Qe7 ({But not} 17... Bd5 $2 18. Bxd5 Qe7 19. Bxa8 $18) 18. Nf7+ Kg8 {Strongly threatening ...Kf8.} 19. Nxd6+ Kf8 {[#]} 20. Nf5 $1 {[%cal Rf5e7]} ({Not} 20. Nxb7 Ra7 $14) 20... Qd7 21. Nxg7 Nd5 22. Nh5 (22. Rg5 $18) 22... Qf5 23. Ng7 (23. Be2 $16) 23... Qd7 $1 $18 24. Rg5 b5 25. Bxd5 Bxd5 26. Nh5 Qd6 27. Nf6 c6 28. Nxh7+ Ke7 29. Rg7+ Kd8 30. Nf6 a5 $2 (30... Rb8 31. Rh7 Kc8) 31. Rh7 {White is clearly winning.} Kc8 32. Ke2 a4 33. Rg1 axb3 34. Rh8+ Kb7 35. Rg7+ Kb6 36. Rxa8 Bc4+ 37. Ke1 Qxh2 38. Nd7+ Kb7 39. Rb8+ Kc7 40. Be5+ {Precision: White = 61%, Black = 35%.} 1-0

[Event "EYCC Open U18 2018"]
[Site "Riga"]
[Date "2018.08.28"]
[Round "8"]
[White "Warmerdam, Max"]
[Black "Stauskas, Lukas"]
[Result "1-0"]
[WhiteElo "2421"]
[BlackElo "2256"]
[Annotator "TA"]
[PlyCount "89"]
[EventDate "2018.08.20"]
[EventType "swiss"]
[EventCountry "LAT"]
[SourceTitle "playchess.com"]
[Source "ChessBase"]
[SourceQuality "1"]

{[%evp 22,89,20,21,26,22,21,16,20,26,26,14,29,36,40,45,36,23,44,39,31,24,52,50,54,43,65,62,91,93,101,91,219,233,208,91,91,82,97,91,166,158,151,159,154,164,150,25,44,31,40,17,125,139,104,156,141,134,129,122,123,85,269,266,542,542,542,542,542,542]} 1. e4 c5 2. Nf3 d6 3. Bb5+ Nd7 4. d4 cxd4 5. Qxd4 a6 6. Bxd7+ Bxd7 7. Nc3 e5 8. Qd3 {B51: Sicilian: Moscow Variation (3 Bb5+) without 3...Bd7} h6 9. Nd2 Nf6 10. Nc4 Qc7 11. a4 Rc8 12. Ne3 $1 {LiveBook: 5 Games} Be7 13. O-O Be6 14. Rd1 O-O 15. a5 Rfd8 {[#]} 16. Qe2 $146 Bf8 17. Qf3 b5 18. axb6 $1 Qxb6 19. Bd2 Qb7 20. Be1 Bd7 21. b3 Bc6 {[%cal Rf6e4]} 22. Ncd5 Nxd5 23. exd5 Bb5 24. Ra3 g6 25. c4 $36 {[%mdl 2048] White is really pushing.} Bd7 26. Ng4 Bf5 (26... Bxg4 $16 27. Qxg4 Bg7) 27. Nf6+ $1 $18 Kg7 28. Ne4 (28. Ba5 $18 {is more deadly.}) 28... Be7 $16 29. Bc3 Bxe4 30. Qxe4 f5 (30... Bf6 $16) 31. Qc2 Bf6 32. Rda1 Rb8 33. b4 {[%cal Bb3b4,Bb4b5][%mdl 32]} (33. Rxa6 $6 Qxb3 34. Qc1 Rd7 $14) 33... Qc7 34. c5 ({Much weaker is} 34. Rxa6 $6 Qxc4 35. Rc6 Qxd5 $11) ({White should try} 34. Bd2 $16) 34... dxc5 $11 35. b5 $1 Rxd5 36. bxa6 Qa7 (36... Ra8 $1 $11 {keeps the balance.}) 37. Rb3 $16 Rxb3 38. Qxb3 Rd6 39. Qb5 $1 e4 {[#]} 40. Bxf6+ $1 Rxf6 41. h3 g5 $2 {[#]} (41... h5 $16) 42. Qe8 $1 $18 Rf8 $2 ({Much worse is} 42... Rxa6 43. Rd1) (42... e3 43. fxe3 (43. Qxe3 Rxa6 44. Qe5+ Kg6 $16) 43... c4) 43. Qe5+ {White is clearly winning.} Rf6 44. Rd1 {Black must now prevent Rd6.} Kf7 45. Rd8 {Precision: White = 80%, Black = 46%.} 1-0

[Event "EYCC Open U18 2018"]
[Site "Riga"]
[Date "2018.08.28"]
[Round "8"]
[White "Erenberg, Ariel"]
[Black "Garanin, Aleksei"]
[Result "1-0"]
[WhiteElo "2399"]
[BlackElo "2203"]
[Annotator "TA"]
[PlyCount "57"]
[EventDate "2018.08.20"]
[EventType "swiss"]
[EventCountry "LAT"]
[SourceTitle "playchess.com"]
[Source "ChessBase"]
[SourceQuality "1"]

{[%evp 18,57,77,62,92,90,92,73,85,79,102,94,110,81,125,100,123,116,168,121,233,225,216,171,185,159,229,225,439,358,400,305,357,0,391,304,484,492,946,963,1611,1625]} 1. d4 Nf6 2. c4 g6 3. Nc3 Bg7 4. e4 O-O 5. Be2 d6 6. Be3 Na6 7. Nf3 {[%cal Bg1f3,Bf3d2,Bd2c4][%mdl 32]} e5 8. O-O c6 9. d5 {E94: King's Indian: Classical: 6 Be2 e5 7 0-0: Various Black 7th moves} (9. Qc2 Ng4 10. Bg5 Qe8 11. Rad1 f6 12. Bh4 Kh8 13. h3 Nh6 14. Rfe1 Nf7 15. a3 Nc7 16. b4 Ne6 17. d5 {1-0 (65) Wojtaszek,R (2738)-Demchenko,A (2672) Batumi 2018}) 9... cxd5 10. cxd5 {LiveBook: 4 Games} Bd7 11. Nd2 {White is better.} Qe7 12. a3 Rfc8 13. Rc1 h5 $146 ({Predecessor:} 13... Nc7 14. b4 a5 15. bxa5 Rxa5 16. Nc4 Ra6 17. Nb6 Rxb6 18. Bxb6 {1-0 (58) Provotorov,A (2335)-Shinkarev,S Kaluga 1997}) 14. h3 Qf8 15. b4 Rc7 16. Nc4 Rac8 17. Qb3 Nb8 (17... Ne8 $16) 18. Bxa7 {aiming for Bb6.} Bh6 {[#]} (18... b5 $16 19. Nb6 Rxa7) 19. Bb6 $1 $18 Bxc1 20. Bxc7 Rxc7 21. Rxc1 Qh6 (21... b5 $16) 22. Qb2 Qf4 $2 {[#]} (22... Ne8 {might work better.} 23. h4 f5) 23. Nxd6 Qg5 24. Kf1 Qf4 25. Kg1 Qg5 26. Kh1 Qf4 (26... Ne8 $142) 27. Bf1 {White is clearly winning.} g5 (27... Qh6 $142 28. Ne2 Rxc1 29. Nxc1 Ba4) 28. Kg1 Na6 29. Ne2 {Precision: White = 68%, Black = 26%.} 1-0

[Event "EYCC Open U18 2018"]
[Site "Riga"]
[Date "2018.08.28"]
[Round "8"]
[White "Macovei, Andrei"]
[Black "Iliaguev, Nisim"]
[Result "0-1"]
[WhiteElo "2394"]
[BlackElo "2324"]
[Annotator "TA"]
[PlyCount "72"]
[EventDate "2018.08.20"]
[EventType "swiss"]
[EventCountry "LAT"]
[SourceTitle "playchess.com"]
[Source "ChessBase"]
[SourceQuality "1"]

{[%evp 20,72,0,0,22,0,0,-8,25,45,78,77,98,94,89,89,120,105,105,31,67,43,35,31,66,72,62,53,41,48,78,0,315,320,458,460,489,500,478,469,415,134,113,0,0,-7,0,-29990,-29991,-29991,-29992,-29992,-29993,-29993,-12844]} 1. e4 e6 2. d4 d5 3. Nc3 Bb4 4. e5 Ne7 5. a3 Bxc3+ 6. bxc3 c5 7. Nf3 b6 8. Bb5+ Bd7 9. Bd3 Nbc6 {C19: French: 3 Nc3 Bb4: Main line: 7 Nf3 and 7 a4} (9... Ba4 10. O-O c4 11. Be2 Na6 12. Ne1 Nc7 13. g3 Qd7 14. Ng2 O-O-O 15. Bg4 Kb7 16. Bh3 Ng6 17. Qe2 Rde8 {0-1 (50) Iordachescu,V (2600)-Vallejo Pons,F (2710) Gallipoli 2017}) 10. O-O Qc7 11. Re1 {LiveBook: 5 Games} Rc8 $146 {The position is equal.} ({Predecessor:} 11... Na5 12. a4 cxd4 13. cxd4 Nc4 14. Nd2 Ng6 15. Bxc4 dxc4 16. Ba3 f5 17. exf6 gxf6 {½-½ (54) Ahmed,A (2309)-Munkhgal,G (2316) Guangzhou 2010}) 12. Bf4 Ng6 13. Be3 Nce7 14. h4 Nf5 15. Bxf5 exf5 16. h5 Ne7 17. h6 gxh6 18. e6 Bxe6 19. Qd2 (19. dxc5 $1 $16 bxc5 20. Bxh6) 19... Rg8 20. Bf4 Qd8 21. Bxh6 Ng6 22. dxc5 Rxc5 23. Bg5 Qd6 $1 24. a4 $36 {[%cal Ba3a4,Ba4a5][%mdl 2080] White has good play.} Kd7 {[#]} 25. Nd4 ({White should play} 25. a5 $1 $16) 25... Rc4 $2 {[%mdl 8192] [#]} (25... f4 $11 {and Black has nothing to worry.}) 26. a5 $1 $18 bxa5 (26... b5 {might work better.} 27. Nxb5 Qc5) 27. Rxa5 a6 28. Nxf5 Qc6 29. Nd4 Qd6 30. Qe2 $2 (30. f4 $18 {and White stays clearly on top.}) 30... h6 $16 31. Nxe6 (31. Rea1 $16 Qe5 32. Qxc4 (32. Bxh6 Qxe2 33. Nxe2 Nh4 $16) 32... dxc4 33. Rxe5 Nxe5 34. Bf4 (34. Bxh6 Ra8 $16)) 31... fxe6 $11 32. Bxh6 Nh4 33. Qh5 $2 {[%mdl 8192]} (33. Kf1 $11 Rg6 34. Qh5) 33... Rxg2+ {Black mates.} 34. Kf1 {[#]} Rxf2+ $1 {[%mdl 512]} 35. Kxf2 Qh2+ 36. Ke3 Ng2+ {Precision: White = 49%, Black = 46%.} (36... Rxc3+ $142 37. Kd4 Rc4+ 38. Ke3 Qg3+ 39. Kd2 Qc3+ 40. Ke2 Re4+ 41. Be3 Rxe3+ 42. Kf2 Qxe1#) 0-1

[Event "EYCC Open U18 2018"]
[Site "Riga"]
[Date "2018.08.28"]
[Round "8"]
[White "Mirzoyan, Davit T."]
[Black "Gadimbayli, Abdulla"]
[Result "0-1"]
[WhiteElo "2364"]
[BlackElo "2413"]
[Annotator "TA"]
[PlyCount "61"]
[EventDate "2018.08.20"]
[EventType "swiss"]
[EventCountry "LAT"]
[SourceTitle "playchess.com"]
[Source "ChessBase"]
[SourceQuality "1"]

{[%evp 17,61,0,29,0,10,3,26,12,10,0,0,18,24,31,34,21,20,0,12,0,0,-16,59,0,23,0,17,0,68,80,80,0,0,0,0,0,0,-219,-212,-212,-209,-271,-273,-268,-262,-252]} 1. d4 Nf6 2. Nf3 e6 3. Bf4 c5 4. e3 d5 5. c3 Nc6 6. Nbd2 Bd6 7. Bg3 O-O 8. Bb5 {D02: 1 d4 d5 2 Nf3 sidelines, including 2...Nf6 3 g3 and 2...Nf6 3 Bf4} Ne7 (8... Be7 9. Bd3 b6 10. O-O Bb7 11. h3 Bd6 12. Bh4 Be7 13. Qb1 h6 14. a3 Nh5 15. Bxe7 Qxe7 {½-½ (64) Carlsen,M (2837)-Wang,H (2709) Riadh 2017}) 9. Bd3 Qc7 {LiveBook: 3 Games} 10. O-O {White has an edge.} Bxg3 $146 ({Predecessor:} 10... b6 11. e4 Bxg3 12. hxg3 dxe4 13. Nxe4 Nxe4 14. Bxe4 Bb7 15. Bxb7 Qxb7 16. dxc5 bxc5 {½-½ (54) Khusnutdinov,R (2458)-Malakhov,V (2713) Doha 2016}) 11. hxg3 Nd7 12. e4 cxd4 13. cxd4 dxe4 14. Nxe4 Nd5 15. Rc1 Qb6 16. Qe2 N7f6 17. Rfd1 Bd7 18. Nxf6+ Nxf6 19. g4 Nd5 (19... Nxg4 $11 20. Bxh7+ Kxh7 21. Ng5+ Kg8 22. Qxg4 f6) 20. Qe4 {[%csl Gd3][%cal Re4h7] [#]} g6 21. g5 Bb5 22. Ne5 Rac8 (22... Bxd3 $11 23. Nxd3 Rac8) 23. Rxc8 Rxc8 24. Bxb5 (24. Qf3 $16 Be8 25. Be4) 24... Qxb5 $11 25. Ng4 Qxb2 {White must now prevent ...Rc1.} 26. Qe5 $1 Rc1 27. Rxc1 $2 (27. Qb8+ $11 Kg7 28. Qe5+ Kf8 29. Qd6+ Ke8 30. Nf6+ Nxf6 31. gxf6 Rxd1+ 32. Kh2 Rh1+ 33. Kxh1 Qc1+ 34. Kh2 Qh6+ 35. Kg1 Qc1+ 36. Kh2 Qh6+ 37. Kg1 Qc1+ 38. Kh2) 27... Qxc1+ $19 28. Kh2 {[#]} Qf4+ $1 29. Kh3 Qxe5 30. Nxe5 Nc3 31. a3 {Precision: White = 33%, Black = 62%.} 0-1

[Event "EYCC Open U18 2018"]
[Site "Riga"]
[Date "2018.08.28"]
[Round "8"]
[White "Ioannidis, Evgenios"]
[Black "Vykouk, Jan"]
[Result "1/2-1/2"]
[WhiteElo "2343"]
[BlackElo "2413"]
[Annotator "TA"]
[PlyCount "34"]
[EventDate "2018.08.20"]
[EventType "swiss"]
[EventCountry "LAT"]
[SourceTitle "playchess.com"]
[Source "ChessBase"]
[SourceQuality "1"]

{[%evp 20,34,13,-1,55,24,45,52,45,10,22,21,90,0,60,64,64]} 1. c4 e5 2. Nc3 Nf6 3. Nf3 Nc6 4. g3 d5 5. cxd5 Nxd5 6. Bg2 Nb6 7. O-O Be7 8. d3 O-O 9. Be3 Be6 10. Rc1 f5 11. b4 {LiveBook: 5 Games. A29: English Opening: Four Knights Variation with 4 g3} (11. a3 Kh8 12. b4 a6 13. Re1 Qe8 14. Qd2 Bd6 15. Bxb6 cxb6 16. d4 exd4 17. Nxd4 Rd8 18. Nxe6 Qxe6 19. Qa2 Qh6 {0-1 (38) Aronian,L (2809)-Harikrishna,P (2737) Geneva 2017 CBM 180 [Roiz,M]}) 11... Bf6 (11... a6 $11) 12. Nd2 $146 {[%cal Bf3d2,Bd2b3,Bb3c5][%mdl 32]} ({Predecessor:} 12. Bc5 Rf7 13. b5 Ne7 14. e4 a6 15. d4 exd4 16. Nxd4 Bxd4 17. Qxd4 Qxd4 18. Bxd4 Bc4 19. bxa6 Rxa6 {½-½ (29) Carlstedt,J (2383)-Ftacnik,L (2547) Germany 2013}) 12... Rb8 13. Nb3 Nd5 14. Nc5 Nxe3 15. fxe3 Bf7 (15... Bc8 $1 $11) 16. h4 ({Better is} 16. Rxf5 $16 Nxb4 17. a3 (17. Bxb7 Qe7 $11)) 16... Nxb4 ({Black should try} 16... Be7 $11) 17. Qa4 $14 {Threatens to win with Nd7.} Be7 1/2-1/2

[Event "EYCC Open U18 2018"]
[Site "Riga"]
[Date "2018.08.28"]
[Round "8"]
[White "Macko, Miroslav"]
[Black "Nguyen, Thai Dai Van"]
[Result "1/2-1/2"]
[WhiteElo "2310"]
[BlackElo "2548"]
[Annotator "TA"]
[PlyCount "185"]
[EventDate "2018.08.20"]
[EventType "swiss"]
[EventCountry "LAT"]
[SourceTitle "playchess.com"]
[Source "ChessBase"]
[SourceQuality "1"]

{[%evp 23,185,30,34,12,21,0,20,21,12,0,43,49,46,50,42,59,52,63,95,87,153,131,225,127,163,140,145,143,138,118,139,139,184,163,194,192,195,190,175,188,264,247,213,214,239,247,234,216,206,223,303,331,319,331,360,351,423,298,532,532,487,396,511,397,511,364,471,468,468,445,460,448,396,360,517,505,494,502,487,0,457,454,458,450,399,366,396,354,512,279,262,60,60,60,60,60,60,60,60,0,0,0,0,0,0,0,0,0,4,4,12,12,12,12,60,60,60,12,12,12,60,0,12,12,12,12,12,12,12,0,0,0,0,0,0,0,12,12,19,19,19,19,19,19,19,19,19,19,19,19,19,19,19,19,19,19,19,19,19,19,19,0,0,0]} 1. e4 c5 2. Nf3 d6 3. d4 cxd4 4. Nxd4 Nf6 5. Nc3 a6 6. Be3 e5 7. Nb3 Be6 8. f4 exf4 9. Bxf4 Nc6 10. Qe2 Be7 11. h3 {B90: Sizilianisch (Najdorf-Variante, Abweichungen)} Nd7 12. O-O-O Nde5 {LiveBook: 30 Partien} 13. g4 {Weiß steht etwas besser.} O-O 14. Qg2 Rc8 15. Kb1 {[#]} Ng6 $146 16. Be3 Bg5 17. Bxg5 Qxg5 18. Rxd6 Rfd8 19. Rxd8+ Rxd8 20. Qf2 a5 21. Bb5 Nb4 (21... Nge5 $142) 22. Rf1 Ne5 (22... Bxb3 $16 {war angesagt.} 23. cxb3 (23. axb3 Ne5 $16) 23... Ne5) 23. Nd4 (23. Nxa5 $18 Ra8 24. Nb3) 23... Qe7 24. a3 Nbc6 25. Nf5 Qc7 26. Bxc6 bxc6 27. Qc5 Nc4 28. Nd5 Nd2+ 29. Kc1 Bxd5 {[#]} 30. Ne7+ $1 $40 {[%mdl 128] Weiss hat starken Angriff.} Kh8 31. Nxd5 Qb8 (31... Nxe4 {war nötig.} 32. Nxc7 Nxc5 33. Rxf7 Kg8) 32. Kxd2 cxd5 $18 {[%mdl 4096] Endspiel KDT-KDT} 33. Kc1 (33. Rxf7 $6 Qh2+ 34. Ke1 Qh1+ 35. Rf1 Qxe4+ 36. Kd1 Rg8) 33... dxe4 34. Rxf7 Rg8 35. Qd4 ({Keinesfalls} 35. Qxa5 Qg3) 35... Qg3 36. b3 ({Auf keinen Fall} 36. Qxe4 Qg1+ 37. Kd2 Qh2+ 38. Kc3 Qxh3+ 39. Qf3 Qh2) 36... e3 37. Re7 Qxh3 38. Rxe3 Qf1+ 39. Kb2 Qf7 40. a4 Rc8 $2 (40... Qf6 41. Re4 h6 42. Qxf6 gxf6) 41. Rc3 Ra8 42. Rc5 Qf8 43. Qe5 Qd8 44. Rd5 Qb6 45. Qd6 Qxd6 46. Rxd6 {KT-KT} Kg8 47. Rd7 Ra6 48. c3 Rg6 (48... Kf8 $142 49. Ka3 Rc6) 49. Rd4 Ra6 50. Ka3 Rc6 51. Kb2 Ra6 $1 52. Rd5 Kf7 53. Ka3 Ke6 54. Rd3 Ke5 55. b4 Rg6 (55... Rd6 $142 56. Rxd6 Kxd6 57. bxa5 h6) 56. b5 Rxg4 57. b6 $2 (57. Kb3 $18) 57... Rg6 $1 $14 {[%cal Rg6b6]} 58. b7 $1 {[%cal Rb7b8]} Rb6 59. Rd7 Ke6 $1 {[%cal Re6d7]} 60. Rxg7 Kd5 $1 61. Rc7 ({Besser ist} 61. Rxh7 $14 Kc4 62. Rc7+ Kd3 63. Rc5 Rxb7 64. Rxa5 Kxc3 65. Rb5) 61... h6 $1 $11 62. c4+ Kd6 63. Rh7 Kc5 64. Rc7+ Kd6 65. Rf7 {[#] Weiss droht Tf6+ und Matt.} Kc6 66. Rf5 Kxb7 67. Rxa5 Rb1 68. Rh5 Ra1+ 69. Kb4 Rb1+ $1 70. Kc3 Rc1+ 71. Kd4 Rd1+ 72. Kc3 Rc1+ {Die Stellung ist ausgeglichen.} 73. Kd3 Rd1+ 74. Kc2 Ra1 75. a5 {Weiss will Kb2 spielen.} Ka6 76. Rxh6+ (76. Kc3 {feels hotter.} Rxa5 77. Rxh6+ Kb7 78. Kb4 Rg5 79. Rf6) 76... Kxa5 77. Kc3 Rd1 78. Rg6 Rd8 79. Rg1 Kb6 80. Kb4 Rh8 81. Rg6+ Kc7 82. Kb5 Rh5+ 83. c5 {Und Tg7+ würde nun gewinnen.} Rh7 84. Ra6 Rh1 85. Ra7+ Kb8 86. Rd7 Kc8 87. Kc6 Rh6+ 88. Rd6 Rh7 89. Rg6 {[%cal Rg6g8]} Rc7+ 90. Kb6 Rb7+ 91. Ka6 $1 {Droht Matt per Tg8+.} Rh7 92. c6 {Droht stark Kb6.} Kc7 93. Kb5 {Precision: Weiß = 61%, Schwarz = 57%.} 1/2-1/2

[Event "EYCC Open U18 2018"]
[Site "Riga"]
[Date "2018.08.28"]
[Round "8"]
[White "Ozen, Bahadir"]
[Black "Kevlishvili, Robby"]
[Result "1/2-1/2"]
[WhiteElo "2302"]
[BlackElo "2497"]
[Annotator "TA"]
[PlyCount "46"]
[EventDate "2018.08.20"]
[EventType "swiss"]
[EventCountry "LAT"]
[SourceTitle "playchess.com"]
[Source "ChessBase"]
[SourceQuality "1"]

{[%evp 24,46,24,23,15,0,0,0,0,0,8,3,4,5,6,-19,7,12,26,17,70,47,70,55,65]} 1. d4 d5 2. c4 c6 3. cxd5 cxd5 4. Nc3 Nf6 5. Bf4 e6 6. e3 Bd6 7. Bxd6 Qxd6 8. Bd3 O-O 9. Nf3 Nc6 10. O-O Bd7 11. Rc1 Rac8 12. Qe2 a6 {D13: Slav Defence: Exchange variation without ...Bf5} (12... Rfd8 13. h3 h6 14. Rfd1 Be8 15. a3 Qb8 16. Rc2 Qd6 17. Rdc1 Qb8 18. Qe1 Qd6 19. Na4 Rc7 20. Nc5 Rdc8 21. Rc3 {½-½ (45) Tregubov,P (2589)-Kamsky,G (2676) Bastia 2017}) 13. Rfd1 {LiveBook: 4 Games} Rc7 14. e4 dxe4 {The position is equal.} 15. Nxe4 Nxe4 16. Qxe4 {[%csl Gd3][%cal Re4h7] [#]} f5 $146 ({Predecessor:} 16... g6 17. a3 Rfc8 18. Rc2 Ne7 19. Rxc7 Rxc7 {½-½ (19) Zhidkov,V (2351)-Kuznetsov,M (2203) Moscow 2008}) 17. Qe3 Rfc8 18. Bf1 Ne7 19. Ne5 Nd5 20. Qe1 Nb6 21. Rc5 Be8 (21... Bc6 $11) 22. Nc4 $14 Nxc4 23. Bxc4 Bf7 1/2-1/2

[Event "EYCC Open U18 2018"]
[Site "Riga"]
[Date "2018.08.28"]
[Round "8"]
[White "Lazov, Toni"]
[Black "Bronstein, Or"]
[Result "0-1"]
[WhiteElo "2292"]
[BlackElo "2342"]
[Annotator "TA"]
[PlyCount "84"]
[EventDate "2018.08.20"]
[EventType "swiss"]
[EventCountry "LAT"]
[SourceTitle "playchess.com"]
[Source "ChessBase"]
[SourceQuality "1"]

{[%evp 21,84,60,41,0,14,-30,0,-85,-72,-79,-77,-118,-111,-106,-106,-181,-134,-243,-258,-340,-339,-342,-335,-389,-387,-377,-377,-343,-312,-302,-295,-312,-283,-276,-280,-310,-304,-300,-103,-121,-121,-127,-128,-218,-117,-348,-350,-29978,-29978,-29987,-29968,-29991,-29992,-29992,-4132,-29993,-29994,-29994,-29989,-29989,-29990,-29990,-29991,-29991,-29992]} 1. e4 c5 2. Nf3 d6 3. d4 cxd4 4. Nxd4 Nf6 5. Nc3 a6 6. Bg5 Nbd7 7. Qe2 {B94: Sicilian Najdorf: 6 Bg5 Nbd7} h6 8. Bh4 g6 9. f4 e5 (9... Qc7 10. O-O-O Bg7 11. g4 e5 12. fxe5 Nxe5 13. h3 Be6 14. Qf2 Nfd7 {½-½ (26) Carlsen,M (2842)-Svidler,P (2753) Biel 2018}) 10. fxe5 dxe5 11. O-O-O Qc7 {LiveBook: 78 Games} 12. Nd5 Nxd5 13. exd5 Bd6 14. g4 (14. Kb1 $11) 14... h5 $1 $17 15. gxh5 Rxh5 {[#]} 16. Bg3 $146 Kf8 $1 17. Nb3 Nf6 {Threatens to win with ...Bg4.} 18. Qe1 (18. Bg2 $17) 18... a5 {[%cal Ba6a5,Ba5a4,Ba4a3][%mdl 32] ...a4 is the strong threat.} 19. Kb1 (19. Be2 $17 Bf5 20. Qc3 Qxc3 21. bxc3) 19... a4 $19 20. Nd2 a3 (20... Nxd5 21. Ne4 $11) 21. Nc4 Bf5 22. Bd3 Bxd3 23. cxd3 axb2 24. Nxd6 Qxd6 25. Rd2 Nxd5 26. Rxb2 b5 27. Ka1 Rf5 28. d4 {[%cal Rg3e5]} Qc6 29. Bxe5 Qc4 $2 (29... Nc3 $19 {aiming for ...Qc4.} 30. Qg1 Rg5 $1 {[%mdl 512]} 31. Bd6+ Kg8) 30. Qh4 {Strongly threatening Qh8+.} Rh5 {[%cal Bf5h5,Bh5h3,Bh3a3][%mdl 32]} 31. Qe4 Rh3 32. Re1 (32. Bg3 $17 {was worth a try.}) 32... Kg8 $40 {[%mdl 128] White is in trouble.} (32... Rc3 $19 {And now ...b4 would win.} 33. Reb1 Rc1 34. Rxc1 Qxc1+ 35. Qb1 Qc3) 33. Bf6 $2 (33. Bg3 $17 Rc8 34. Qg4) 33... Kh7 ({Stronger than} 33... Rha3 34. Qe8+ $1 {[%mdl 512]} Kh7 35. Qxf7+ Kh6 36. Qg7+ Kh5 37. Qh7+ Kg4 38. Qxg6+ Kh3 39. Qh5#) 34. Bg5 $2 (34. Be5 $19 f5 35. Qc2) 34... Rha3 35. Ree2 Nc3 36. Qh4+ Kg8 37. Qf2 {[#]} Nxe2 (37... Nxa2 $142 $1 {[%mdl 512]} 38. Rxa2 Qc3+ 39. Kb1 Qd3+ 40. Kc1 Rc3+ 41. Rec2 Rxa2 42. Kb1 Rcxc2 43. Qg3 Qd1+ 44. Bc1 Qxc1#) 38. Rxe2 Qc3+ {Black mates.} 39. Kb1 Rb3+ 40. Rb2 Qd3+ 41. Qc2 Rxb2+ 42. Kxb2 {[#]} Rxa2+ $1 {[%mdl 512] Precision: White = 36%, Black = 67%.} 0-1